Bolivia, Presidents of - Statistics

General Stats
  • This quiz has been taken 29 times
  • The average score is 50 of 80
Answer Stats
Term Party President % Correct
2006-2019 Movement for Socialism Evo Morales
94%
1825 Independent Simón Bolívar
82%
1829-1839 Independent Andrés de Santa Cruz
71%
1825-1826 Independent Antonio José de Sucre
71%
1826-1828 Independent Antonio José de Sucre
71%
1940-1943 Concordance Enrique Peñaranda
71%
1937-1939 Military Socialist Germán Busch
71%
1993-1997 Revolutionary Nationalist Gonzalo Sánchez de Lozada
71%
2002-2003 Revolutionary Nationalist Gonzalo Sánchez de Lozada
71%
1884-1888 Conservative Gregorio Pacheco
71%
1904-1909 Liberal Ismael Montes
71%
1913-1917 Liberal Ismael Montes
71%
1989-1993 Revolutionary Left Jaime Paz Zamora
71%
1841-1847 Military José Ballivián
71%
1899-1904 Liberal José Manuel Pando
71%
1828 Independent José María Pérez de Urdininea
71%
1828 Independent José Miguel de Velasco
71%
1829 Independent José Miguel de Velasco
71%
1839-1841 Military José Miguel de Velasco
71%
1848 Military José Miguel de Velasco
71%
1880-1884 Independent Narciso Campero
71%
1828-1829 Independent Pedro Blanco Soto
71%
1872-1873 Independent Tomás Frías
71%
1874-1876 Independent Tomás Frías
71%
1888-1892 Conservative Aniceto Arce
65%
2003-2005 Independent Carlos Mesa
65%
2005-2006 Independent Eduardo Rodríguez Veltzé
65%
1847-1848 Military Eusebio Guilarte
65%
1982 Military Guido Vildoso
65%
1876-1879 Military Hilarión Daza
65%
1971-1978 Military Hugo Banzer
65%
1997-2001 Nationalist Democratic Action Hugo Banzer
65%
2019-2020 Social Democratic Jeanine Áñez
65%
2001-2002 Nationalist Democratic Action Jorge Quiroga
65%
1857-1861 Independent José María Linares
65%
1980-1981 Military Luis García Meza
65%
1848-1855 Military Manuel Isidoro Belzu
65%
1841 Independent Mariano Enrique Calvo
65%
1864-1871 Military Mariano Melgarejo
65%
1964-1966 Military René Barrientos
65%
1966-1969 Popular Christian René Barrientos
65%
1841 Military Sebastián Ágreda
65%
1952-1956 Revolutionary Nationalist Víctor Paz Estenssoro
65%
1960-1964 Revolutionary Nationalist Víctor Paz Estenssoro
65%
1982-1985 Revolutionary Nationalist Víctor Paz Estenssoro
65%
1973-1874 Red Adolfo Ballivián
59%
1871-1872 Military Agustín Morales
59%
1979 Military Alberto Natusch
59%
1921-1925 Republican Bautista Saavedra
59%
1939-1940 Military Carlos Quintanilla
59%
1981-1982 Military Celso Torrelio
59%
1931-1934 Genuine Republican Daniel Salamanca
59%
1947-1949 Republican Socialist Unity Enrique Hertzog
59%
1925-1926 Republican Felipe Segundo Guzmán
59%
1943-1946 Reason for theFatherland Gualberto Villarroel
59%
1956-1960 Revolutionary Nationalist Hernán Siles Zuazo
59%
1982-1985 Leftwing Revolutionary Nationalist Hernán Siles Zuazo
59%
1855-1857 Independent Jorge Córdova
59%
1861-1864 Independent José María de Achá
59%
1979-1980 Revolutionary Nationalist Left Lidia Gueiler
59%
1949-1951 Republican Socialist Unity Mamerto Urriolagoitía
59%
1946 Independent Néstor Guillén
59%
1896-1899 Conservative Severo Fernández
59%
1946-1947 Independent Tomás Monje
59%
1979 Authentic Revolutionary Wálter Guevara
59%
1966 Military Alfredo Ovando Candía
53%
1969-1970 Military Nationalist Alfredo Ovando Candía
53%
1930-1931 Military Carlos Blanco Galindo
53%
1978-1979 Military David Padilla
53%
1909-1913 Liberal Eliodoro Villazón
53%
1926-1930 Republican Hernando Siles Reyes
53%
1951-1952 Military Hugo Ballivián
53%
1917-1920 Liberal José Gutiérrez Guerra
53%
1970-1971 Military Nationalist Juan José Torres
53%
1978 Military Juan Pereda
53%
1969 Social Democratic Luis Adolfo Siles Salinas
53%
1892-1896 Conservative Mariano Baptista
53%
1936-1937 Military Socialist David Toro
47%
1934-1936 Liberal José Luis Tejada Sorzano
47%
2020-Incumbent Movement for Socialism Luis Acre
24%
No matching quizzes found
Score Distribution
Percent of People with Each Score
Percentile by Number Answered
Your Score History
You have not taken this quiz